000 01061nam a2200277Ia 4500
003 OSt
005 20221005110513.0
006 a|||||r|||| 00| 0
007 ta
008 221004b |||||||| |||| 00| 0 hin d
020 _a8121401976 (hbk)
_cINR 250.00
024 _a41560
037 _b303, 25/02/2019, Eastern Book Linkers
_cTextual
040 _aCRL
_cCRL
_bhin
041 _2hin
_ahin
082 _aO152,1N45x, P9
100 _aसिंह, विद्या विन्दु, ले.
_9156413
245 0 _aहम पत्थर नहीं हुए
246 _aHam patthar nahīan hue
260 _aनई दिल्ली
_bनेशनल पब्लिशिंग हाउस भारत
_c2009
300 _a157पृ0
_ccm.
650 _a हिन्दी साहित्य
650 _aहिन्दी कविता
942 _hO152,1N45x, P9
_cTEXL
_2cc
999 _c1019025
_d1019025